000 00665cam a2200241 4500500
005 20260329005301.0
041 _afre
042 _adc
100 1 0 _aDurand, Jean-Marie
_eauthor
245 0 0 _aLe Vingtième Siècle
260 _c2023.
500 _a27
690 _aAurélien Bellanger
690 _aÉnigme
690 _aForme
690 _aFragments
690 _aHistoire
690 _aMystère
690 _aroman
690 _aWalter Benjamin
786 0 _nPhilosophie magazine | 167 | 2 | 2023-03-01 | p. 70-71 | 1951-1787
856 4 1 _uhttps://shs.cairn.info/magazine-philosophie-magazine-2023-2-page-70?lang=fr&redirect-ssocas=7080
999 _c1841960
_d1841960